| 000 | 008320000a22002410004500 | ||
|---|---|---|---|
| 090 |
_aAR _b01934 |
||
| 245 | 1 | 0 | _aNew Miocene molossid bat from La Venta, Colombia, South America |
| 650 | 1 | 4 |
_aPaleontología _96983 |
| 650 | 1 | 4 |
_aMorfología _992917 |
| 650 | 1 | 4 |
_aFauna _992594 |
| 651 | 4 |
_lDesierto de La Tatacoa _dHuila _pColombia _992749 |
|
| 653 |
_gNoctonycteris _eNotonycteris magdalenensis |
||
| 653 |
_gMormopterus _eMormopterus faustoi |
||
| 653 | _gMolossus | ||
| 041 | 0 | _aInglés | |
| 700 | 1 |
_aSetoguchi, Takeshi _995339 |
|
| 700 | 1 |
_aVillarroel A., Carlos _995369 |
|
| 700 | 1 |
_aCadena G., Alberto _96445 |
|
| 700 | 1 |
_aShigehara, Nobuo _995337 |
|
| 100 | 1 |
_aTakai, Masanaru _995388 |
|
| 942 | _cARTICULO | ||
| 773 | 1 |
_tMemoirs of the Faculty of Science, Kyoto University, Series of Geol. Mineral _3645 _h1-2 _q1-9 _d1991 _g56 |
|
| 999 |
_c11011 _d11011 |
||